000 00428nam a2200157 4500
001 118926
003 ES-MaACL
005 20230906191215.0
007 t|
008 070214s1935 sp r ||||1| spa d
100 1 _aPeydro, Miguel.
_991587
245 1 3 _aUn hombre auténtico conservador /
_cpor Miguel Peydro.
260 _aLorca :
_b[s.n.],
_c1935 (
_fImp. Moya)
300 _a56 p. ;
_c19 cm.
852 _aES-MaACL
_j1804-F-1
999 _c118926
_d118926